00222nam a2200097Ia 4500008004100000041000800041100000800049245003600057650001200093999001900105230605s9999 xx 000 0 und d aeng aAli aSuccess full managers hand book aG.SKILL c417511d417511